KOHA-Header-6

Tippoo Sultan (A Tale of the Mysore War) (Record no. 6457)

000 -LEADER
fixed length control field 00283nam a2200109Ia 4500
100 ## - MAIN ENTRY--AUTHOR NAME
Personal name Colonel Taylor
245 #0 - TITLE STATEMENT
Title Tippoo Sultan (A Tale of the Mysore War)
260 ## - PUBLICATION, DISTRIBUTION, ETC. (IMPRINT)
Place of publication New Delhi
Name of publisher Addison -Wesley
Year of publication 2001
300 ## - PHYSICAL DESCRIPTION
Number of Pages 680
942 ## - ADDED ENTRY ELEMENTS (KOHA)
Koha item type Books
Holdings
Withdrawn status Lost status Collection code Permanent Location Current Location Shelving location Date acquired Full call number Accession Number Koha item type
    English Literature MAJU MAJU Shelf No.A13 2019-09-07 824.89 4253 English Literature

Powered by Koha